Plus grande ville par pays - Statistiques

Statistiques générales
  • Ce quiz a été pris 75 fois
  • Le résultat moyen est 115 sur 196
Statistiques - réponses
Pays Ville % Correct
Allemagne Berlin
97%
Algérie Alger
95%
Andorre Andorre-la-Vieille
92%
Argentine Buenos Aires
91%
Afrique du Sud Johannesbourg
91%
France Paris
91%
Autriche Vienne
91%
Grèce Athènes
88%
Italie Rome
88%
Espagne Madrid
86%
États-Unis New York
86%
Albanie Tirana
86%
Croatie Zagreb
86%
Bangladesh Dacca
85%
Afghanistan Kaboul
85%
Corée du Sud Séoul
85%
Japon Tokyo
85%
Hongrie Budapest
83%
Danemark Copenhague
83%
Finlande Helsinki
83%
Biélorussie Minsk
83%
Russie Moscou
83%
Pologne Varsovie
83%
Pays-Bas Amsterdam
82%
Colombie Bogotá
82%
Roumanie Bucarest
82%
Irlande Dublin
82%
Égypte Le Caire
82%
Pérou Lima
82%
Portugal Lisbonne
82%
Royaume-Uni Londres
82%
Luxembourg Luxembourg
82%
Monaco Monaco
82%
Norvège Oslo
82%
Bulgarie Sofia
82%
Émirats Arabes Unis Dubaï
80%
Israël Jérusalem
80%
Arabie Saoudite Riyad
80%
Brésil São Paulo
80%
Bosnie-Herzégovine Sarajevo
80%
Vatican Vatican
80%
Arménie Erevan
79%
Indonésie Jakarta
79%
Ukraine Kiev
79%
Mexique Mexico
79%
République Tchèque Prague
79%
Islande Reykjavik
79%
Chili Santiago
79%
Suède Stockholm
79%
Iran Téhéran
79%
Sénégal Dakar
77%
Cuba La Havane
77%
Corée du Nord Pyongyang
77%
Estonie Tallinn
77%
Canada Toronto
77%
Irak Bagdad
76%
Inde Mumbai
76%
Liechtenstein Schaan
76%
Tunisie Tunis
76%
Côte d'Ivoire Abidjan
74%
Thaïlande Bangkok
74%
Serbie Belgrade
74%
Liban Beyrouth
74%
Djibouti Djibouti
74%
Turquie Istanbul
74%
Chine Shanghai
74%
Azerbaïdjan Bakou
73%
Mali Bamako
73%
Qatar Doha
73%
République Démocratique du Congo Kinshasa
73%
Kenya Nairobi
73%
Panama Panama
73%
Lettonie Riga
73%
Suisse Zurich
73%
Belgique Anvers
71%
Slovaquie Bratislava
71%
Jamaïque Kingston
71%
Saint-Vincent-et-les-Grenadines Kingstown
71%
Angola Luanda
71%
Singapour Singapour
71%
Lituanie Vilnius
71%
République du Congo Brazzaville
70%
Maroc Casablanca
70%
Slovénie Ljubljana
70%
Australie Melbourne
70%
Libye Tripoli
70%
Ghana Accra
68%
Malaisie Kuala Lumpur
68%
Uruguay Montevideo
68%
Haïti Port-au-Prince
68%
Madagascar Antananarivo
67%
Nigeria Lagos
67%
Géorgie Tbilissi
67%
Éthiopie Addis-Abeba
65%
Moldavie Chișinău
65%
Gabon Libreville
65%
Macédoine du Nord Skopje
65%
Guinée-Bissau Bissau
64%
Guatemala Guatemala
64%
Népal Katmandou
64%
Cambodge Phnom Penh
64%
République Dominicaine Saint-Domingue
64%
Nouvelle-Zélande Auckland
62%
Paraguay Asunción
61%
Viêt Nam Hô Chi Minh-Ville
61%
Bahamas Nassau
61%
Kosovo Pristina
61%
Jordanie Amman
59%
Guinée Conakry
59%
Burkina Faso Ouagadougou
59%
Mongolie Oulan-Bator
59%
Monténégro Podgorica
59%
Salvador San Salvador
59%
Yémen Sanaa
58%
Sierra Leone Freetown
56%
Rwanda Kigali
56%
Costa Rica San José
56%
Laos Vientiane
56%
Togo Lomé
55%
Bahreïn Manama
55%
Mauritanie Nouakchott
55%
Ouzbékistan Tachkent
55%
Somalie Mogadiscio
53%
Niger Niamey
53%
Maldives Malé
52%
République Centrafricaine Bangui
50%
Kirghizistan Bichkek
50%
Guyana Georgetown
50%
Nicaragua Managua
50%
Honduras Tegucigalpa
50%
Sri Lanka Colombo
48%
Mozambique Maputo
48%
Tchad Ndjamena
48%
Papouasie-Nouvelle-Guinée Port Moresby
48%
Sao Tomé-et-Principe Sao Tomé
48%
Namibie Windhoek
48%
Maurice Port-Louis
47%
Cap Vert Praia
47%
Botswana Gaborone
45%
Pakistan Karachi
45%
Malawi Lilongwe
45%
Comores Moroni
45%
Fidji Suva
45%
Érythrée Asmara
44%
Tanzanie Dar es Salam
44%
Zimbabwe Harare
44%
Eswatini Mbabane
44%
Liberia Monrovia
44%
Suriname Paramaribo
44%
Dominique Roseau
44%
Bhoutan Thimphou
44%
Bénin Cotonou
42%
Ouganda Kampala
42%
Antigua et Barbuda Saint John's
42%
Brunei Bandar Seri Begawan
41%
Barbade Bridgetown
41%
Tadjikistan Douchanbé
41%
Zambie Lusaka
41%
Grenade Saint George's
41%
Timor oriental Dili
39%
Soudan du Sud Djouba
39%
Lesotho Maseru
39%
Turkménistan Achgabat
38%
Seychelles Victoria
38%
Syrie Alep
36%
Samoa Apia
36%
Tonga Nukuʻalofa
36%
Birmanie Yangon
35%
Îles Salomon Honiara
33%
Îles Marshall Majuro
33%
Cameroun Douala
32%
Saint-Christophe-et-Niévès Basseterre
30%
Belize Belize City
30%
Burundi Bujumbura
29%
Tuvalu Funafuti
29%
Vanuatu Port-Vila
29%
Kiribati Tarawa-Sud
27%
Kazakhstan Almaty
26%
Équateur Guayaquil
21%
Chypre Limassol
20%
Bolivie Santa Cruz
18%
Philippines Quezon City
12%
Venezuela Maracaibo
9%
Saint-Marin Serravalle
6%
Guinée équatoriale Bata
5%
Palaos Koror
5%
Soudan Omdourman
5%
Trinité-et-Tobago Chaguanas
3%
États Fédérés de Micronésie Weno
3%
Sainte-Lucie Ciceron
2%
Oman Sib
2%
Gambie Brikama
0%
Nauru Denigomodu
0%
Koweït Hawalli
0%
Taïwan Nouveau Taipei
0%
Malte St. Paul's Bay
0%
Aucun quiz correspondant
Distribution des résultats
% des personnes avec chaque résultat
Percentile par nombre de réponses
Votre historique - résultats
Vous n’avez pas pris ce quiz